000 00425nam a2200157Ia 4500
005 20250203060123.0
008 240331s9999 xx 000 0 und d
082 _bTHE
_a954
100 _aGeiger, W. tr
245 4 _aThe mahavamsa :
_bthe great chronicle of Ceylon
260 _aColombo
_bCeylon Government information Department
_c1950
300 _alxiii, 327 p .,
650 _aBuddhism
650 _aSociety
942 _cL
999 _c3483
_d3483